000 00624nam a2200193Ia 4500
003 GCL
008 140319s9999 xx 000 0 ara d
040 _aGCL /
_cGCL
082 0 4 _aد
_b050
_bد هـ
245 1 0 _aالهلال نوفمبر 1994 : اليوجينيا
260 _aالقاهرة :
_bدار الهلال للطباعة والنشر ،
_c1994
650 0 4 _aنجيب محفوظ
650 0 4 _aتحسين النسل
650 0 4 _aالوراثة - تجارب
650 0 4 _aمحمود عزمى
650 0 4 _aمصر - الاحوال الاجتماعية
650 0 4 _aسعد الله ونوس
942 _2ddc
_cCR
999 _c6754
_d6754